| 000 | 01379nam a2200277 a 4500 | ||
|---|---|---|---|
| 001 | 65693 | ||
| 003 | BD-RjUL | ||
| 005 | 20211209081443.0 | ||
| 008 | 170309s2006 bg |||| |||| 000 0 ben d | ||
| 020 |
_a9848518371 _c: Tk. 150.00 |
||
| 035 | _a(BD-RjUL)65823 | ||
| 040 |
_aBD-RjUL _bben _cBD-RjUL _dBD-RjUL |
||
| 041 | _aben | ||
| 082 |
_223 _a954.92 _bAHM 2006 |
||
| 100 | 1 |
_aআহমাদ, রাজিউদ্দিন _9176612 |
|
| 245 | 1 | 0 |
_aমাত্র ৬০০ ভাল মানুষ চাই : _bবাংলাদেশের গণতন্ত্র, সামাজিক অবস্থা, রাজনীতি, ও নির্বাচন নিয়ে কিছু চিন্তা-ভাবনা / _cরাজিউদ্দিন আহমাদ ; শহিদুল ইসলাম -ভূমিকায় |
| 250 | _a১ম সং. | ||
| 260 |
_aঢাকা : _bইত্যাদি গ্রন্থপ্রকাশ, _c২০০৬ |
||
| 300 |
_a১৬৮ পৃ. ; _c২১ সেমি. |
||
| 651 |
_aবাংলাদেশ _xইতিহাস _9192183 |
||
| 651 |
_aBangladesh _xHistory _9191912 |
||
| 651 |
_aবাংলাদেশ _xসরকার ও রাজনীতি _9192185 |
||
| 651 |
_aBangladesh _xGovernment and politics _9192186 |
||
| 700 |
_aইসলাম ,শহিদুল _9170417 |
||
| 942 |
_2ddc _cBK |
||
| 999 |
_c65693 _d65693 |
||